Les climats (notice n° 2186373)

détails MARC
000 -LEADER
fixed length control field 01950cam a2200145 4500500
005 - DATE AND TIME OF LATEST TRANSACTION
control field 20260405064226.0
041 ## - LANGUAGE CODE
Language code of text/sound track or separate title fre
042 ## - AUTHENTICATION CODE
Authentication code dc
100 10 - MAIN ENTRY--PERSONAL NAME
Personal name Godard, Alain
Relator term author
245 00 - TITLE STATEMENT
Title Les climats
260 ## - PUBLICATION, DISTRIBUTION, ETC.
Name of publisher, distributor, etc. Armand Colin,<br/>
Date of publication, distribution, etc. 2009.<br/>
520 ## - SUMMARY, ETC.
Summary, etc. Les géographes s’intéressent aux climats, en insistant sur l’hétérogénéité des ambiances climatiques à la surface des continents et des océans, leurs discontinuités spatiales, leurs rythmes saisonniers et leurs variabilités interannuelles. Cette perspective met l’accent sur les phénomènes de répartition. Elle conduit à aborder les mécanismes élémentaires. Les principaux paramètres mesurables de l’atmosphère sont définis et caractérisés, tant dans leur distribution spatiale que dans leur variabilité saisonnière.L’approche dynamique saisit la réalité du temps qu’il fait. À travers des schémas moyens, se dégagent les grands types de circulation et les principaux types de temps observés en zone intertropicale comme aux hautes et aux moyennes latitudes.Le fonctionnement de l’atmosphère est soumis à d’incessantes variations si bien que le climat planétaire et les climats régionaux ne sont pas immuables. D’importants changements ont marqué l’histoire de la planète, des temps géologiques les plus reculés au réchauffement contemporain.La trame climatique qui découle des rythmes saisonniers s’ordonne selon de grandes zones, mais n’échappe pas à l’influence des facteurs géographiques que représentent la répartition des terres et des mers et les grands volumes montagneux.La perspective ainsi adoptée, la démarche claire et pédagogique qui s’appuie sur une iconographie abondante font de cette introduction à l’étude des climats un ouvrage sans équivalent.
700 10 - ADDED ENTRY--PERSONAL NAME
Personal name Tabeaud, Martine
Relator term author
856 41 - ELECTRONIC LOCATION AND ACCESS
Uniform Resource Identifier <a href="https://stm.cairn.info/les-climats--9782200244514?lang=fr&redirect-ssocas=7080">https://stm.cairn.info/les-climats--9782200244514?lang=fr&redirect-ssocas=7080</a>

Pas d'exemplaire disponible.

PLUDOC

PLUDOC est la plateforme unique et centralisée de gestion des bibliothèques physiques et numériques de Guinée administré par le CEDUST. Elle est la plus grande base de données de ressources documentaires pour les Étudiants, Enseignants chercheurs et Chercheurs de Guinée.

Adresse

627 919 101/664 919 101

25 boulevard du commerce
Kaloum, Conakry, Guinée

Réseaux sociaux

Powered by Netsen Group @ 2025